Show boat

Guardado en:
書目詳細資料
主要作者: Ferber, Edna
格式: 圖書
語言:Undetermined
出版: New York, Estados Unidos Pocket Books 1962
主題:
標簽: 添加標簽
沒有標簽, 成為第一個標記此記錄!

MARC

LEADER 00000nam a2200000Ia 4500
008 170316s9999 xx 000 0 und d
040 |a cru BVZT 
090 |a 810 F-7s 
100 |a Ferber, Edna 
245 |a Show boat 
260 |a New York, Estados Unidos 
260 |b Pocket Books 
260 |c 1962 
300 |a 290 páginas 
650 |a LITERATURA ESTADOUNIDENSE 
999 |c 5651  |d 5651 
942 |c 15 D  |h 810 F-7s  |2 z